000 00286nam a2200121Ia 4500
008 240731s9999 xx 000 0 und d
022 _a2058-8038
245 0 _aImpact
260 _bTaylor & Francis
856 _uhttps://www.tandfonline.com/loi/timp20
942 _2ddc
942 _cTFEJ
999 _c76931
_d76931
945 _a1
_bMadushi Gamage
_c1
_dMadushi Gamage